00000000nam##2200000za#4500
0019.648108
003CaOODSP
00520200330091739
007ta
008150407|2001||||xxc|||||     f|0| 0 eng|d
020 |a0-662-30178-1
040 |aCaOODSP|beng
043 |an-cn---
0861 |aE2-250/2000E
1101 |aCanada.|bForeign Affairs and International Trade. |bCanadian Centre for Foreign Policy Development.
24510|aReport from the Roundtable on Burma and Drugs
260 |aOttawa - Ontario : |bForeign Affairs and International Trade. |c2001.
300 |a7p. : |breferences ; |c28 cm.
563 |aSoftcover
590 |a02-24|b2002-06-14
69007|aEconomic sanctions|2gcpds
69007|aForeign policy|2gcpds
69007|aNarcotics|2gcpds
7760#|tReport from the Roundtable on Burma and Drugs, May 15, 2000 (Vancouver) |w(CaOODSP)9.686043